Personnel administration : Implementing the reforms:Report of the conference (Record no. 188764)

MARC details
000 -LEADER
fixed length control field 00458nam a2200145Ia 4500
008 - FIXED-LENGTH DATA ELEMENTS--GENERAL INFORMATION
fixed length control field 230917s9999||||xx |||||||||||||| ||und||
040 ## - CATALOGING SOURCE
-- 52117
Original cataloging agency VIVEKANANDA LIBRARY
041 ## - Language
-- English
082 ## - DDC NUMBER
Classification number 350.10954 I2P
100 ## - MAIN ENTRY--PERSONAL NAME
Personal name Indian Institute of Public Administration
245 #0 - TITLE STATEMENT
Title Personnel administration : Implementing the reforms:Report of the conference
260 ## - PUBLICATION, DISTRIBUTION, ETC. (IMPRINT)
Place of publication, distribution, etc New Delhi
Name of publisher, distributor, etc Indian Institue of Public Administration
Date of publication, distribution, etc 1970
300 ## - PHYSICAL DESCRIPTION
Pages 75 p.
942 ## - ADDED ENTRY ELEMENTS (KOHA)
Koha item type Books
Holdings
Withdrawn status Lost status Damaged status Not for loan Location (home branch) Sublocation or collection (holding branch) Date acquired Koha issues (times borrowed) Koha full call number Accession No. Koha date last seen Koha item type
        VIVEKANANDA LIBRARY VIVEKANANDA LIBRARY 13/12/2002   350.10954 I2P 45095 17/09/2023 Books
        VIVEKANANDA LIBRARY VIVEKANANDA LIBRARY 13/12/2002   350.10954 I2P 66026 17/09/2023 Books
© Designed and Maintained by Vivekananda Library, MDU Rohtak